| 000 | 00859nam a2200205 a 4500 | ||
|---|---|---|---|
| 001 | 000037439 | ||
| 005 | 20200930080355.0 | ||
| 008 | 120418s1996 sp g 000 0 spa d | ||
| 020 | _a8400008685 | ||
| 040 |
_aDO-SdBNP _bspa _cBNPHU |
||
| 082 |
_axxx _bxxxx |
||
| 100 | 1 |
_aCabezón, Antonio de _d1510-1566 _963885 |
|
| 245 | 1 | 0 |
_aObras de música para tecla, arpa y vihuela| : _brecopiladas y puestas en cifra por Hernando de Cabezón, su hijo / _cprimera edición de Felipe Pedrell ; nueva edición corregida por Mons. Higinio Anglés. |
| 260 |
_aMadrid, : _bInstitució Milá i Fontanals, _c1996. |
||
| 300 |
_a3 v. : _bmus. ; _c24 cm. |
||
| 500 | _aLa biblioteca posee la segunda reimpresión | ||
| 700 | 1 |
_aPedrell, Felipe _d1841-1922 _eed. _963886 |
|
| 700 | 1 |
_aAnglés, Higinio _d1888-1969 _eed. _963887 |
|
| 700 | 1 |
_aCabezón, Hernando _d1541-1602 _erec. _963888 |
|
| 999 |
_c36929 _d36929 |
||